000 00560nam a22001817a 4500
005 20251108163340.0
008 250721s1993 xx 000 0 ara d
082 1 4 _a210.4301412/مرس
100 1 _aمرسي، محروس سيد
245 1 0 _aالفكر الإسلامي و تربية المرأة في القرن التاسع عشر /
264 1 _aالقاهرة :
_bدار المعارف،
_c1993.
300 _a302ص.
650 1 7 _aالإسلام
650 1 7 _aالمرأة
650 1 7 _aالمرأة المسلمة
942 _2ddc
_cBK
999 _c414
_d414